01407nam a2200397 i 450000100060000000300080000600500170001400600190003100700150005000800410006502000180010602000270012403500230015103500240017403500250019803500210022304000310024405000210027508000100029608200140030610000400032024501290036026400540048930000410054333600310058433700330061533800430064850000230069158801250071465000130083965000120085265000230086465000330088765500270092085600620094731142FlNmELB20241216220631.0m o d | cr cnu||||||||160428s2016 sp o 001 0 spa d z9788416482177 a9781512928358 (e-book) a(MiAaPQ)EBC4499111 a(Au-PeEL)EBL4499111 a(CaPaEBR)ebr11200909 a(OCoLC)984820490 aFINmELBbspaerdacFINmELB 4aTX714bF365 2016 a641.50 a641.52231 aFernández Díaz, Miguel Ángel.10aAplicación de normas y condiciones higiénico-sanitarias en restauración (UF0053) /cMiguel Ángel Fernández Díaz. 1aLogroño :bEditorial Tutor Formación,c[2016] a1 recurso en línea (106 páginas) atextobtxt2rdacontent/spa acomputadorabc2rdamedia/spa arecurso en líneabcr2rdacarrier/spa aContiene índice. aDescripción basada en recurso en línea; Título de la página del título en PDF (e-libro, visto April 28, 2016). 0aCooking. 4aCocina. 0aFood presentation. 4aPresentación de alimentos. 4aLibros electrónicos.40uhttps://elibro.net/ereader/politecnicointernacional/44209